000 00575nam a2200193Ia 4500
008 151121s9999||||xx |||||||||||||| ||und||
082 _a813/काळे
082 _bHNW-55045
100 _aकाळे वैजयंती
245 _aमालक
260 _b"राजोन्द्र पब्लिकेशन, पुणे/ठाणे"
260 _c--
300 _a174
600 _aकाळे वैजयंती
630 _aमालक
700 _aकाळे वैजयंती
730 _aमालक
942 _cBOOK
999 _c1238071
_d1238068